000 00360pab a2200145 454500
008 180718b1985 xxu||||| |||| 00| 0 eng d
100 _aBalasubrahmanyan, Vimal
245 _aGiving housework the hard - sell
260 _c1985
300 _a22-3,34
362 _a6 Apr.
650 _aWomen - India - Andhra Pradesh
773 _aMainstream
909 _a20958
999 _c20958
_d20958